Στα όρια της αισθητικής : ο ρόλος της τέχνης στα κείμενα του Martin Heidegger και του Jacques Derrida
Αποθηκεύτηκε σε:
| Κύριος συγγραφέας: | |
|---|---|
| Μορφή: | Βιβλίο |
| Γλώσσα: | Greek |
| Δημοσίευση: |
Αθήνα :
Κριτική,
c2003.
|
| Σειρά: | Επιστημονική βιβλιοθήκη (Κριτική)
|
| Θέματα: | |
| Ετικέτες: |
Προσθήκη ετικέτας
Δεν υπάρχουν, Καταχωρήστε ετικέτα πρώτοι!
|
MARC
| LEADER | 00000cam a2200000 i 4500 | ||
|---|---|---|---|
| 001 | 1/70609 | ||
| 008 | 050302s2003 gr | ||| |||| ||gre|| | ||
| 020 | |a 9602183357 | ||
| 035 | |l 10076278 | ||
| 040 | |a GR-MyUa |b gre |e AACR2 | ||
| 041 | 0 | |a gre | |
| 082 | 7 | |a 701.17 |2 (21) | |
| 100 | 1 | |a Πρώιμος, Κωνσταντίνος Β. | |
| 245 | 1 | 0 | |a Στα όρια της αισθητικής : |b ο ρόλος της τέχνης στα κείμενα του Martin Heidegger και του Jacques Derrida / |c Κωνσταντίνος Β. Πρώιμος. |
| 260 | |a Αθήνα : |b Κριτική, |c c2003. | ||
| 300 | |a 146 σ. ; |c 25 εκ. | ||
| 490 | 1 | |a (Επιστημονική βιβλιοθήκη / Κριτική) | |
| 600 | 1 | 0 | |a Heidegger, Martin, |d 1889-1976. |
| 600 | 1 | 0 | |a Derrida, Jacques. |
| 650 | 0 | |a Aesthetics. | |
| 830 | 0 | |a Επιστημονική βιβλιοθήκη (Κριτική) | |
| 852 | |a INST |b RHODES |e 20071008 |h 701.17 ΠΡΩ |p 005400025630 |q 005400025630 |t BK |y 0 | ||
| 852 | |a INST |b SYROS |e 20050302 |h 701.17 ΠΡΩ |p 005500005458 |q 005500005458 |t BK |y 0 | ||
| 901 | |a BIBL5-2005-1 | ||
| 901 | |a BIBL4-2007-3 | ||
| 922 | |a 5ΕΛΗ |b 200411 |c 188 |d Πλάστιγγα | ||
| 922 | |a 4ΕΛΗ |b 200707 |c ΕΠΕΑΕΚ2/ΤΕΠΑΕΣ |d Σ. Πατάκης | ||
| 950 | |a 188-2004-11-03 | ||
| 970 | |a Τσουκαλά |b Αλίκη |z 15/03/2005 | ||